000 00614nam a22001817a 4500
005 20170623105630.0
010 _aENG-118903
020 _a9788183822688
_c125.00
035 _aEN-102435
037 _bDBAD/PUB
082 _a808.042
100 _aSinha, Rashmi
245 _aEffective editing:
_bHelp yourself in becoming a good editor /
_cby Rashmi Sinha
260 _aNew Delhi
_bLotus Press Publishers
_c2012
270 _aUnit No, 220, Second Floor, 4735/22,Prakash Deep Nuilding, Ansari Road, Daryaganj New Delhi-110002
300 _a213p
_c22cm.(pbk)
942 _2ddc
_cEN
_h808.042
_mSIN
999 _c141913
_d141913